| 000 -LEADER |
| fixed length control field |
00646nam a22001937a 4500 |
| 005 - DATE AND TIME OF LATEST TRANSACTION |
| control field |
20210419163125.0 |
| 008 - FIXED-LENGTH DATA ELEMENTS--GENERAL INFORMATION |
| fixed length control field |
190612b2019 en ||||| |||| 00| 0 eng d |
| 020 ## - INTERNATIONAL STANDARD BOOK NUMBER |
| Qualifying information |
0022-2267 |
| 041 ## - LANGUAGE CODE |
| Language code of text/sound track or separate title |
eng |
| 245 ## - TITLE STATEMENT |
| Title |
Journal of Linguistics : |
| Remainder of title |
2019 / |
| Statement of responsibility, etc. |
Kersti Borjars ; Helen de Hoop . |
| 260 ## - PUBLICATION, DISTRIBUTION, ETC. |
| Place of publication, distribution, etc. |
CAMBRIDGE : |
| Name of publisher, distributor, etc. |
Cambridge university press, |
| Date of publication, distribution, etc. |
2019. |
| 300 ## - PHYSICAL DESCRIPTION |
| Extent |
V. |
| 653 ## - INDEX TERM--UNCONTROLLED |
| Uncontrolled term |
პერიოდიკა |
| 653 ## - INDEX TERM--UNCONTROLLED |
| Uncontrolled term |
ლინგვისტიკა |
| 653 ## - INDEX TERM--UNCONTROLLED |
| Uncontrolled term |
Journal of Linguistics |
| 700 ## - ADDED ENTRY--PERSONAL NAME |
| Personal name |
Borjars, Kersti |
| Relator term |
რედაქტორი |
| 9 (RLIN) |
2459 |
| 700 ## - ADDED ENTRY--PERSONAL NAME |
| Personal name |
Hoop, Helen de |
| Relator term |
რედაქტორი |
| 9 (RLIN) |
2460 |
| 942 ## - ADDED ENTRY ELEMENTS (KOHA) |
| Source of classification or shelving scheme |
|
| Koha item type |
პერიოდიკა |